Представление документа в формате MARC21

Поле Инд. ПП Название Значение
Тип записи a
Библиографический уровень m
001 Контрольный номер e602be34-557d-4462-9afd-0c354ac10bea
005 Дата корректировки 20260130111525.4
008 Кодируемые данные 990617 d
020 a ISBN 5-89317-044-Х
c Цена, тираж 2.50
080 a Индекс УДК 338.24.021.8(470)
084 a Индекс другой классификации/Индекс ББК У9(2)0-183
090 a Полочн. индекс У9(2)
x Авторский знак О-53
c Каталожный индекс У9(2)0-183
100 1_ a Автор Олейник А. Н.
e Роль лиц Автор
245 10 a Заглавие Издержки и перспективы реформ в России: институциональный подход
b Продолж. заглавия пробл. формирования открытого о-ва в России
c Ответственность А.Н. Олейник; Ин-т "Открытое о-во"
260 0_ a Место издания Москва
b Издательство Изд-во Магистр
c Дата издания 1997
300 a Объем 39,[1] с.
440 _0 a Серия Общество и проблемы
500 a Примечание Библиогр.: с.37-40.
500 a Примечание НАСТОЯЩИЙ МАТЕРИАЛ (ИНФОРМАЦИЯ) ПРОИЗВЕДЕН, РАСПРОСТРАНЕН И (ИЛИ) НАПРАВЛЕН ИНОСТРАННЫМ АГЕНТОМ ДЖ. СОРОСОМ, ЯВЛЯЮЩИМСЯ УЧРЕДИТЕЛЕМ (ЧЛЕНОМ, УЧАСТНИКОМ, РУКОВОДИТЕЛЕМ ИЛИ ЛИЦОМ, ВХОДЯЩИМ В СОСТАВ ОРГАНА ЛИЦ УКАЗАНЫХ В ЧАСТИ 4 СТАТЬИ 9 ФЕДЕРАЛЬНОГО ЗАКОНА «О КОНТРОЛЕ ЗА ДЕЯТЕЛЬНОСТЬЮ ЛИЦ, НАХОДЯЩИХСЯ ПОД ИНОСТРАННЫМ ВЛИЯНИЕМ») ФОНДА «ОТКРЫТОЕ ОБЩЕСТВО», ВКЛЮЧЕННОГО В РЕЕСТР ИНОСТРАННЫХ АГЕНТОВ
653 0_ a Ключевые слова Институционализм
a Ключевые слова Открытое общество
a Ключевые слова Поведение на рынке
a Ключевые слова Рынок
a Ключевые слова Рыночная экономика
a Ключевые слова Рыночные отношения
a Ключевые слова Экономика России
a Ключевые слова Экономические реформы
852 41 t Порядковый номер экземпляра 2
p Инвентарный номер 693719
p Инвентарный номер 693721
852 41 t Порядковый номер экземпляра 1
p Инвентарный номер 699222
863 t 00025210
888 a Бесплатные
952 p 148.98 2.50 1 693718
p 148.98 2.50 1 693719
p 148.98 2.50 1 693720
p 148.98 2.50 1 693721
p 425.98 2.50 1 699224
p 425.98 2.50 1 699225
p 425.98 2.50 1 699226
p 425.98 2.50 1 699222
p 425.98 2.50 1 699223
p 358.99 2.50 1 711050
p 358.99 2.50 1 711051
p 223.2004 6.00 1 784902
c Вид литературы К рн
954 a Дата поступления на обработку 27.02.98
999 a Подразделение 2 Фил1
a Подразделение 2 ч.з.